00478nam a2200133 a 4500008004100000020001800041050001500059100002100074245009600095260004900191300003700240650004100277700002600318200723s2013 ||||||||||||||||| || u a9781107603578 aBF 311 Lee aLee, Michael D. 10aBayesian cognitive modeling : a practical course cBy Michael D. Lee; Eric-Jan Wagenmakers  aCambridge bCambridge University Pressc2013 axiii, 264 pages : illustrations  aBAYESIAN STATISTICAL DECISION THEORY aWagenmakers, Eric-Jan